Oncology Nursing (Record no. 362493)

MARC details
000 -LEADER
fixed length control field 01464 a2200217 4500
003 - CONTROL NUMBER IDENTIFIER
control field OSt
005 - DATE AND TIME OF LATEST TRANSACTION
control field 20250331161757.0
008 - FIXED-LENGTH DATA ELEMENTS--GENERAL INFORMATION
fixed length control field 250110b |||||||| |||| 00| 0 eng d
020 ## - INTERNATIONAL STANDARD BOOK NUMBER
International Standard Book Number 9780323930703
041 ## - LANGUAGE CODE
Language code of text/sound track or separate title Eng
082 ## - DEWEY DECIMAL CLASSIFICATION NUMBER
Edition number 5
Classification number 610.73W65/LAN
100 ## - MAIN ENTRY--PERSONAL NAME
Personal name Langhome Martha E
9 (RLIN) 209308
245 ## - TITLE STATEMENT
Title Oncology Nursing
250 ## - EDITION STATEMENT
Edition statement 5
260 ## - PUBLICATION, DISTRIBUTION, ETC. (IMPRINT)
Name of publisher, distributor, etc. Mosby
Date of publication, distribution, etc. 2007
Place of publication, distribution, etc. St.KLouis,MISSOURI
300 ## - PHYSICAL DESCRIPTION
Extent 792 P.
500 ## - GENERAL NOTE
Keywords Comprehensive yet concise overview of oncology nursing<br/>Consistent format in disease chapters for quick access and understanding of key information<br/>Review questions with answers and rationales at the end of each chapter<br/>New chapter on Functional Status and its effect on patient outcomes<br/>New chapter on Ethical Considerations for the oncology nurse<br/>New chapters on Skin Integrity, Oral Mucositis, Bone Marrow Suppression<br/>New chapter on Palliative Care offers information regarding providing physical and emotional comfort to dying patients and their families<br/>New chapters on Patient Education and Family Caregiving for information on assisting families that provide needed health services and support outside of the healthcare setting<br/>New Symptom Management unit with new chapters on Dyspnea, Sleep Disturbance, Nausea, and Hot Flashes<br/>Case studies at the end of each chapter correspond with chapter content and review questions with rationales
600 ## - SUBJECT ADDED ENTRY--PERSONAL NAME
Source of heading or term Oncology Nursing
650 ## - SUBJECT ADDED ENTRY--TOPICAL TERM
Topical term or geographic name as entry element Oncology
9 (RLIN) 211818
942 ## - ADDED ENTRY ELEMENTS (KOHA)
Source of classification or shelving scheme Dewey Decimal Classification
Koha item type Books
Holdings
Withdrawn status Lost status Source of classification or shelving scheme Damaged status Not for loan Home library Current library Date acquired Vendor Cost, normal purchase price Total Checkouts Total Renewals Barcode Checked out Date last seen Date last checked out Cost, replacement price Bill Date Koha item type Full call number
    Dewey Decimal Classification     Sitabai Nargundkar College of Nursing Nagpur Sitabai Nargundkar College of Nursing Nagpur 10/01/2025 29 6729.84 9 2 SNCN-BK-3569 10/04/2026 10/03/2026 10/03/2026 8628.00 10/01/2025 Books  
    Dewey Decimal Classification     Sitabai Nargundkar College of Nursing Nagpur Sitabai Nargundkar College of Nursing Nagpur 10/01/2025 29 6729.84 7   SNCN-BK-3568   10/03/2026 05/02/2026 8628.00 10/01/2025 Books  
    Dewey Decimal Classification     Sitabai Nargundkar College of Nursing Nagpur Sitabai Nargundkar College of Nursing Nagpur 03/11/2025 216 4946.70 3   SNCN-BK-3766   15/05/2026 19/01/2026 8994.00 03/11/2025 Books 616.994 LAN
    Dewey Decimal Classification     Sitabai Nargundkar College of Nursing Nagpur Sitabai Nargundkar College of Nursing Nagpur 03/11/2025 216 4946.70 2   SNCN-BK-3765   02/04/2026 10/03/2026 8994.00 03/11/2025 Books 616.994 LAN